<?xml version="1.0" encoding="UTF-8"?>
<record
    xmlns:xsi="http://www.w3.org/2001/XMLSchema-instance"
    xsi:schemaLocation="http://www.loc.gov/MARC21/slim http://www.loc.gov/standards/marcxml/schema/MARC21slim.xsd"
    xmlns="http://www.loc.gov/MARC21/slim">

  <leader>02916cam a2200277 i 4500</leader>
  <controlfield tag="001">22887620</controlfield>
  <controlfield tag="005">20250325141807.0</controlfield>
  <controlfield tag="008">221201s2023    nyua     b    001 0 eng  </controlfield>
  <datafield tag="010" ind1=" " ind2=" ">
    <subfield code="a">  2022056825</subfield>
  </datafield>
  <datafield tag="020" ind1=" " ind2=" ">
    <subfield code="a">9781398607644</subfield>
    <subfield code="q">(paperback)</subfield>
  </datafield>
  <datafield tag="040" ind1=" " ind2=" ">
    <subfield code="a">DLC</subfield>
    <subfield code="b">eng</subfield>
    <subfield code="e">rda</subfield>
    <subfield code="c">DLC</subfield>
    <subfield code="d">DLC</subfield>
  </datafield>
  <datafield tag="042" ind1=" " ind2=" ">
    <subfield code="a">pcc</subfield>
  </datafield>
  <datafield tag="050" ind1="0" ind2="0">
    <subfield code="a">HF5415</subfield>
    <subfield code="b">.L3264 2023</subfield>
  </datafield>
  <datafield tag="100" ind1=" " ind2=" ">
    <subfield code="a">Lawes, Rachel,</subfield>
    <subfield code="e">author.</subfield>
    <subfield code="9">25018</subfield>
  </datafield>
  <datafield tag="245" ind1="1" ind2="0">
    <subfield code="a">Using semiotics in marketing </subfield>
    <subfield code="b">: how to achieve consumer insight for brand growth and profits </subfield>
    <subfield code="c">/ Rachel Lawes.</subfield>
  </datafield>
  <datafield tag="250" ind1=" " ind2=" ">
    <subfield code="a">Second edition.</subfield>
  </datafield>
  <datafield tag="264" ind1=" " ind2="1">
    <subfield code="a">London ; New York, NY :</subfield>
    <subfield code="b">Kogan Page,</subfield>
    <subfield code="c">2023.</subfield>
  </datafield>
  <datafield tag="300" ind1=" " ind2=" ">
    <subfield code="a">xx, 340 pages :</subfield>
    <subfield code="b">illustrations ;</subfield>
    <subfield code="c">24 cm</subfield>
  </datafield>
  <datafield tag="504" ind1=" " ind2=" ">
    <subfield code="a">Includes bibliographical references and index.</subfield>
  </datafield>
  <datafield tag="505" ind1=" " ind2=" ">
    <subfield code="a">Semiotics will change your career in marketing or market research &#x2014;
An explosion of semiotics in business &#x2014;
How to do research using semiotics &#x2013; A blueprint for marketers &#x2014;
Images, language and other semiotic signs &#x2014;
Society, culture and other big influences on consumers &#x2014;
Creativity and innovation &#x2013; Semiotic tools for thinking &#x2014;
How to do semiotic field trips &#x2014;
Combining semiotics with ethnography and discourse analysis &#x2014;
Data &#x2013; insight &#x2013; strategy &#x2014;
Sharing the findings of semiotic research &#x2014;
Industry debates and the future of semiotics &#x2014;
Inspiration &#x2013; How to continue teaching yourself to do semiotics &#x2014;
Consumer needs in the 2020s &#x2014;
Brands and businesses &#x2014;
Marketing and communications.</subfield>
  </datafield>
  <datafield tag="520" ind1=" " ind2=" ">
    <subfield code="a">Semiotics is a superpower for marketers. It's a proven, powerful method of uncovering consumer insight, tailoring brand strategies that work and generating profit for brands.

Companies such as Unilever and P&amp;G have attested to the success of Lawes semiotics in stimulating innovation and boosting sales. Now newly updated, this second edition is packed with even more revelations about brands, consumers and their emerging needs. Three new chapters reveal the unseen social forces that drive the Be Kind movement, public appetite for sincerity and the emotions of younger generations.

Using Semiotics in Marketing is an acclaimed how-to guide that makes semiotics accessible. It ensures all agency-side and client-side marketers can pick up the skills to use and apply semiotics to brands and is the only book on semiotics ever published that sets out a complete blueprint for research projects. This is your one-stop guide to learn how to write briefs and proposals, design projects, conduct analysis, write reports and present research findings.

Start using semiotics today. Position and launch new brands, rejuvenate established ones, design products and packaging and inspire timely and provocative ad campaigns. See the future. Innovate.</subfield>
    <subfield code="c">Provided by publisher.</subfield>
  </datafield>
  <datafield tag="650" ind1=" " ind2="0">
    <subfield code="a">Marketing </subfield>
    <subfield code="x">Handbooks, manuals, etc.</subfield>
    <subfield code="9">1798</subfield>
  </datafield>
  <datafield tag="650" ind1=" " ind2="0">
    <subfield code="a">Semiotics.</subfield>
    <subfield code="9">25019</subfield>
  </datafield>
  <datafield tag="650" ind1=" " ind2="0">
    <subfield code="a">Consumers</subfield>
    <subfield code="x">Research.</subfield>
  </datafield>
  <datafield tag="942" ind1=" " ind2=" ">
    <subfield code="2">lcc</subfield>
  </datafield>
  <datafield tag="952" ind1=" " ind2=" ">
    <subfield code="0">0</subfield>
    <subfield code="1">0</subfield>
    <subfield code="2">lcc</subfield>
    <subfield code="4">0</subfield>
    <subfield code="7">0</subfield>
    <subfield code="a">TBS</subfield>
    <subfield code="b">TBS</subfield>
    <subfield code="d">2025-03-25</subfield>
    <subfield code="l">0</subfield>
    <subfield code="o">HF5415 LAW</subfield>
    <subfield code="p">B06013</subfield>
    <subfield code="r">2025-03-25</subfield>
    <subfield code="t">1</subfield>
    <subfield code="w">2025-03-25</subfield>
    <subfield code="y">1</subfield>
  </datafield>
  <datafield tag="999" ind1=" " ind2=" ">
    <subfield code="c">4577</subfield>
    <subfield code="d">4577</subfield>
  </datafield>
</record>
